Radiohead's Highest-Rated Songs - Statistics

General Stats
  • This quiz has been taken 137 times
    134 since last reset
  • The average score is 31 of 50
Answer Stats
Ranking Score/100 Song % Correct
4 98 Paranoid Android
91%
10 97 Karma Police
89%
5 97 No Surprises
85%
18 96 Let Down
83%
3 98 Jigsaw Falling Into Place
80%
6 97 Nude
80%
19 95 Fake Plastic Trees
78%
41 92 Just
78%
1 98 Weird Fishes / Arpeggi
78%
8 97 Exit Music (For a Film)
77%
30 94 Airbag
76%
11 97 Everything in its Right Place
75%
21 95 15 Step
72%
2 98 How to Disappear Completely
72%
24 95 Street Spirit (Fade Out)
72%
16 96 All I Need
70%
23 95 Bodysnatchers
69%
49 91 High and Dry
69%
31 94 Lucky
69%
22 95 2 + 2 = 5
68%
9 97 Idioteque
68%
32 94 Videotape
68%
33 94 The Tourist
67%
15 96 Pyramid Song
65%
25 95 Burn the Witch
64%
20 95 Reckoner
64%
13 96 True Love Waits
64%
14 96 Motion Picture Soundtrack
63%
35 94 Subterranean Homesick Alien
63%
34 94 Climbing Up the Walls
60%
45 92 House of Cards
59%
37 94 There, There
59%
29 94 Optimistic
58%
26 95 The National Anthem
58%
39 93 A Wolf at the Door
53%
7 97 Daydreaming
53%
47 91 Electioneering
53%
40 92 Life in a Glasshouse
50%
44 92 Morning Bell
49%
46 92 Knives Out
48%
43 92 In LImbo
44%
27 94 Decks Dark
43%
28 94 Ful stop
42%
17 96 Man Of War
39%
36 94 Present Tense
36%
42 92 Glass Eyes
34%
38 93 Identikit
32%
50 91 The Numbers
30%
12 96 Lift
25%
48 91 I Promise
13%
No matching quizzes found
Score Distribution
Percent of People with Each Score
Percentile by Number Answered
Your Score History
You have not taken this quiz since the last reset